000 00311nam a22001337a 4500
003 OSt
005 20160727222454.0
008 160705b xxu||||| |||| 00| 0 eng d
100 _92137
_a Dick, I
245 _aWild Orchard
260 _aChicago
_b People's Book Club
300 _aWild Orchard
942 _2ddc
_cBK
999 _c1831
_d1831